• 首页
  • 本馆介绍
  • 公告通知
  • 最新文献
  • 馆藏检索
  • 电子资源
  • 读者导购
  • 参考咨询
  • 我的图书馆
  • 登录
  • 详细信息显示
  • 放入我的书架
  • 预约/预借图书
  • 作者相关作品
  • 分类相关作品
  • 丛书相关作品
  • 出版社相关作品

书目信息

  • 表格格式
  • 工作单格式
  • 卡片格式
题名:
文史知识辞典
    
 
作者: 林焕文 主编
分册:  
出版信息: 延吉   延边人民出版社  1987
页数: 908页
开本: 19cm
丛书名:
单 册:
中图分类: C61
科图分类:
主题词: 社会科学--名词术语 , 社会科学--词典 , 社会科学--百科全书
电子资源:
ISBN: 7-80508-066-6
000 00708nam0 2200253 45
001 0187008238
005 20050426142953.5
010    @a7-80508-066-6@b精装@dCNY9.00
091    @a17136.48
100    @a19950809d1987 em y0chiy0121 ea
101 0  @achi
102    @aCN@b220000
105    @af e 000yy
200 10 @a文史知识辞典@Awen shi zhi shi ci dian@f林焕文主编@FLin Huan Wen Zhu Bian
210    @a延吉@c延边人民出版社@d1987
215    @a908页@c图表@d19cm
606 0  @a社会科学@x名词术语
606 0  @a社会科学@x词典
606 0  @a社会科学@x百科全书
690    @aC61
701  0 @a林焕文@4主编
801  0 @aCN@b深圳图书馆@c20050426
801  2 @aCN@bNLC@c20050426
905    @e15@f2@b205682-683@dC61
    
    文史知识辞典/林焕文主编.-延吉:延边人民出版社,1987
    908页:图表;19cm
    
    
    ISBN 7-80508-066-6(精装):CNY9.00
    
●
相关链接 在E读中查询图书 在五车中查询图书 在当当中查询图书 在豆瓣中查询图书


正题名:文史知识辞典     索取号:C61/15         预约/预借

序号 登录号 条形码 馆藏地/架位号 状态 备注
1 0205682   001572952   密集书库/ [索取号:C61/15] 在馆    
2 0205683   001572970   工具书阅览室/ [索取号:C61/15] 在馆    
3 0205684   202109850   第一样本阅览室/ [索取号:C61/15] 在馆    
唐山师范学院图书馆 欢迎您!
大连网信软件有限公司© 版权所有